Investments / (Record no. 92817)

MARC details
000 -LEADER
fixed length control field 00681nam a22002417a 4500
005 - DATE AND TIME OF LATEST TRANSACTION
control field 20150413150432.0
010 ## - LCCN (DPL NO)
LC control number ENG-112486
020 ## - INTERNATIONAL STANDARD BOOK NUMBER
International Standard Book Number 9789339212056
Terms of availability 699.00
020 ## - INTERNATIONAL STANDARD BOOK NUMBER
International Standard Book Number 9339212053
Terms of availability 699.00
035 ## - SYSTEM CONTROL NUMBER
System control number EN-96018
037 ## - SOURCE OF ACQUISITION
Source of stock number/acquisition DBAD/PUB
082 ## - DEWEY DECIMAL CLASSIFICATION NUMBER
Classification number 332.6
245 ## - TITLE STATEMENT
Title Investments /
Statement of responsibility, etc by Zvi Bodie...[et al)
250 ## - EDITION STATEMENT
Edition statement 10th ed
260 ## - PUBLICATION, DISTRIBUTION, ETC. (IMPRINT)
Place of publication, distribution, etc Noida
Name of publisher, distributor, etc McGraw Hill Education
Date of publication, distribution, etc 2015
270 ## - ADDRESS
Address B-4, Sector-63, Gautam Budh Nagar,
City Noida
Postal code 201301
300 ## - PHYSICAL DESCRIPTION
Extent xxxi,1091p.
Dimensions 25cm(pbk)
500 ## - GENERAL NOTE
General note Includes index
650 ## - SUBJECT ADDED ENTRY--TOPICAL TERM
Topical term or geographic name as entry element Investments.
650 ## - SUBJECT ADDED ENTRY--TOPICAL TERM
Topical term or geographic name as entry element Portfolio management.
700 ## - ADDED ENTRY--PERSONAL NAME
Personal name Bodie, Zvi.
942 ## - ADDED ENTRY ELEMENTS (KOHA)
Source of classification or shelving scheme Dewey Decimal Classification
Item type English Books
Call number suffix INV
Classification part 332.6
Holdings
Withdrawn status Lost status Not for loan Collection code Home library Current library Date acquired Source of acquisition Cost, normal purchase price Full call number Barcode Copy number Cost, replacement price Koha item type
    Not For Loan Non-fiction D.B.Act.Division D.B.Act.Division 09/04/2015 DBAD/PUB 699.00 332.6 INV EN-96018 1 699.00 English Books

© Delhi Public Library
Hit Counter
free hit counter